Normal view
MARC view
Entry Nombre personal
001 - NÚMERO DE CONTROL
- campo de control: 7565
003 - IDENTIFICADOR DE NÚMERO DE CONTROL
- campo de control: Biblioxarxa
005 - FECHA Y HORA DE LA ÚLTIMA TRANSACCIÓN
- campo de control: 20260416124051.0
008 - ELEMENTOS DE DATO DE LONGITUD-FIJA
- campo de control de longitud fija: 260416|| aca||aabn | a|a d
040 ## - FUENTE DE CATALOGACIÓN
- Centro catalogador/agencia de origen: Biblioxarxa
- Centro/agencia transcriptor: Biblioxarxa
100 ## - ENCABEZAMIENTO-NOMBRE DE PERSONA
- Nombre de persona: Madorell, Josep M.
- Fechas asociadas al nombre: 1923-2004
670 ## - FUENTE DE DATOS ENCONTRADOS
- Cita de la fuente: Work cat.: (Biblioxarxa)0: Folch i Camarasa, Ramon 1926-2019 1166, En Massagran i els Pells - Roges, 1989